Teatro de Aurelio Ferretti

Guardat en:
Dades bibliogràfiques
Autor principal: Ferretti, Aurelio (Autor)
Format: Llibre
Idioma:espanyol
Publicat: Buenos Aires Quetzal 1963
Matèries:
Etiquetes: Afegir etiqueta
Sense etiquetes, Sigues el primer a etiquetar aquest registre!

MARC

LEADER 00000nam a2200000 a 4500
001 UCT6505
003 CL-VaPUC
008 970113e19630000AG |||||||||||||||||spa|d
082 0 4 |a Ar862  |b FER  |2 21 
100 0 |a Ferretti, Aurelio  |e author  |9 376703 
245 1 0 |a Teatro de Aurelio Ferretti 
246 1 3 |a La pasión de Justo Pomez 
246 1 0 |a Pum...en el Ojo! 
246 1 3 |a La cama y el sofa 
246 1 3 |a El café de Euterpe 
246 1 0 |a Histrión 
300 |a 253 p 
942 |c BK 
945 |d 19970113 00:00:00  |a nastorga 
260 |a Buenos Aires  |b Quetzal  |c 1963 
650 7 |a DRAMAS ARGENTINOS  |2 CL-VaPUC  |9 337972 
650 0 |a Biografías  |9 255210 
583 |a last modification  |c 19970113 00:00:00  |k Rodrigo Vera 
999 |c 255200  |d 255198 
952 |0 0  |1 0  |4 0  |6 AR_862_000000000000000_FER_1963  |7 0  |8 A  |9 277329  |a BIBEDU  |b BIBEDU  |d 2019-11-19  |i 3267318  |o Ar862 FER 1963  |p 3267318  |r 2019-11-19  |w 2019-11-19  |y BK  |k LIT